00552 2200205 4500001002100000005001700021008004100038035002400079082001100103090001800114100001700132245003900149260004100188300003200229504002600261650001100287852001200298990001800310990001800328YOGYA-0612000000054220120607201355.0 ind  0010-061200000000540 a769.81 a769.81bSuy T aSUYOTO, J. B aTeknik oyama karatecJ. b. Suyoto. aJakartabElex Media Komputindoc2006 aXXI, 326 hlm.bilusc29 cm. aBibliografi: hlm. 326 aKarate aYOPDYOG a30699-PD/B.07 a30699-PD/B.07